UM Logo

Coresidence duration and cues of maternal investment regulate sibling altruism across cultures/ (Record no. 14480)

MARC details
000 -LEADER
fixed length control field 00625nam a2200157 4500
008 - FIXED-LENGTH DATA ELEMENTS--GENERAL INFORMATION
fixed length control field 190927b ||||| |||| 00| 0 eng d
022 ## - INTERNATIONAL STANDARD SERIAL NUMBER
International Standard Serial Number 00223514
082 ## - DEWEY DECIMAL CLASSIFICATION NUMBER
Classification number DPer 302.05 J82 July-Sept 2016 v. 111, n. 1-3.
100 ## - MAIN ENTRY--PERSONAL NAME
9 (RLIN) 39990
Personal name Sznycer, Daniel.
245 ## - TITLE STATEMENT
Title Coresidence duration and cues of maternal investment regulate sibling altruism across cultures/
Statement of responsibility, etc. Daniel Sznycer [and three others].
260 ## - PUBLICATION, DISTRIBUTION, ETC. (IMPRINT)
Place of publication, distribution, etc. Washington DC:
Name of publisher, distributor, etc. American Psychological Association,
Date of publication, distribution, etc. ©2016.
300 ## - PHYSICAL DESCRIPTION
Extent v111 n2, pages 159-177:
Other physical details illustrations;
Dimensions 27 cm.
650 ## - SUBJECT ADDED ENTRY--TOPICAL TERM
Topical term or geographic name as entry element Altruism.
9 (RLIN) 40977
700 ## - ADDED ENTRY--PERSONAL NAME
9 (RLIN) 39991
Personal name De Smet, Delphine.
942 ## - ADDED ENTRY ELEMENTS (KOHA)
Source of classification or shelving scheme Dewey Decimal Classification
Koha item type Periodicals
Holdings
Withdrawn status Lost status Source of classification or shelving scheme Damaged status Not for loan Collection code Home library Current library Date acquired Total Checkouts Full call number Date last seen Price effective from Koha item type Public note
    Dewey Decimal Classification     Periodicals UM Digos College - LIC UM Digos College - LIC 09/27/2019   DPer 302.05 J82 July-Sept 2016 v. 111, n. 1-3. 09/27/2019 09/27/2019 Periodicals Periodical article